000 00856na a2200253 4500
001 18088
003 MIRAKIL
005 20181213155243.0
008 161111b tu 000 0
035 _a18088
040 _aMilas
_btur
_cTR-AnCHP
041 _atur
082 _a331.8802
_bT96a 1999
090 _a331.8802 T96h 1991
111 _aTürkiye Maden İşçileri Sendikası Olağan Genel Kurulu
_cAnkara
_d9-10 Ekim1999
_n6.
245 _a6. genel kurula sunulan çalışma raporu
_cTürkiye Maden İşçileri Sendikası
260 _aAnkara
_bSendika
_c199
300 _a445 s.
_btbl.
_c24 sm.
610 _aTürkiye Maden İşçileri Sendikası
_xToplantılar
_yÇalışma raporları
650 _aİşçi sendikaları
_zTürkiye
650 _aMadencilik
_zTürkiye
650 _aSendikalar
_xÇalışma raporları
_zTürkiye
942 _2ddc
_cBKS
999 _c9322
_d9322